000 02514nam0a22003971 4500
001 rc\159536
005 20260406101438.0
010 _a5-87014-034-Х
_bФирма "ВиМо"
_920000
035 _a(NLR Aleph) 005425412
090 _a7520539
_c7520539
100 _a20030307d1995 |||y0rusy50 ca
101 0 _arus
102 _aRU
105 _aa |||||||||
200 1 _aИзбранное
_eРоманы, повести, эссе, рассказы, автобиография
_e[Пер. с англ.]
_fГенри Миллер
_g[Ред. совет: В. Кудин и др.
_gПослесл. и составление Н. Пальцева
_gХудож. С. Лузинас]
210 _aМ.
_cФирма "ВиМо"
_aВильнюс
_cПолина
_d1995
215 _a748, [2] с.
_cил.
_d22
225 1 _aКороли литературных скандалов
327 1 _aСодерж.: Романы: Тропик Козерога; Черная весна; Повести: Тихие дни в Клиши; Мара из Мариньяна; Рассказы: Мадемуазель Клод; Дьеп - Нью-Хэвен; Астрологическое фрикасе; Эссе: Размышления о писательстве; Мудрость сердца; Моя жизнь и моя эпоха: Автобиография
464 0 _12001#$aТропик Козерога
_tТропик Козерога
464 0 _12001#$aЧерная весна
_tЧерная весна
464 0 _12001#$aТихие дни в Клиши
_tТихие дни в Клиши
464 0 _12001#$aМара из Мариньяна
_tМара из Мариньяна
464 0 _12001#$aМадемуазель Клод
_tМадемуазель Клод
464 0 _12001#$aДьеп - Нью-Хэвен
_tДьеп - Нью-Хэвен
464 0 _12001#$aАстрологическое фрикасе
_tАстрологическое фрикасе
464 0 _12001#$aРазмышления о писательстве
_tРазмышления о писательстве
464 0 _12001#$aМудрость сердца
_tМудрость сердца
464 0 _12001#$aМоя жизнь и моя эпоха
_tМоя жизнь и моя эпоха
700 1 _4070
_7ca
_8rus
_aМиллер
_bГ.
_f1891-1980
_gГенри
_962966
_3RU\NLR\auth\7780038
702 1 _aКудин
_bВ.
_4340
801 0 _aRU
_bNLR
_gpsbo
801 1 _aRU
_bELAR
_2rusmarc
852 _aNLR
_j95-3/3027
942 _cBOOK
980 _aNB